Science by Picture - D - Statistics

General Stats
  • This quiz has been taken 1,213 times
  • The average score is 11 of 15
Answer Stats
Picture Hint Answer % Correct
crystal Diamond
98%
internal structure DNA
98%
prehistoric type of animal Dinosaur
97%
tool Dynamite
90%
insect Dragonfly
89%
body system Digestive System
88%
scientist Charles Darwin
87%
measurement Diameter
86%
weather phenomenon Drought
83%
type of celestial body {Dwarf} Planet
78%
condensation Dew
64%
physical formation Delta
62%
shape Dodecahedron
41%
unit of measurement Decibel
31%
process Decomposition
29%
No matching quizzes found
Score Distribution
Percent of People with Each Score
Percentile by Number Answered
Your Score History
You have not taken this quiz